Works of Neil Gaiman Quiz Stats

 Plays Quiz Updated Nov 2, 2020

     
Support Sporcle.
Go Orange.
Score 0/56 Timer 07:00
0 Plays Today
Year Title % Correct
1989-1996The Sandman
83.7%
2001American Gods
76.4%
2002Coraline
68.3%
1997-1998Stardust
67.6%
1990Good Omens
63.1%
1996Neverwhere
62%
2005Anansi Boys
56.1%
2008The Graveyard Book
43.5%
2013The Ocean at the End of the Lane
40.6%
1998Smoke and Mirrors
35.6%
2006Fragile Things
34.2%
2017Norse Mythology
30.7%
2005Mirrormask
30.1%
2015Trigger Warning: Short Fictions and Disturbances
23%
2007Beowulf
21.9%
2003The Wolves in the Walls
20.4%
2013Fortunately, the Milk...
15.4%
2009Coraline
14.9%
2008Odd and the Frost Giants
14.4%
1994Death: The High Cost of Living
13.9%
1997The Day I Swapped my Dad for Two Goldfish
13.6%
2013-2015The Sandman: Overture
13.1%
1988Black Orchid
13%
20031602
12.9%
2015-PresentMiracleman
12.4%
1994The Tragical Comedy or Comical Tragedy of Mr. Punch
11.2%
2007M is for Magic
10.9%
2013Chu's Day
10.7%
Year Title % Correct
2006Eternals
9%
1997Death: The Time of Your Life
8.9%
2003Endless Nights
8.6%
2007Interworld
7.4%
1988Don't Panic
7.3%
1987Violent Cases
6.7%
1999Sandman: The Dream Hunters
6.5%
2020Pirate Stew
6.4%
2014Hansel and Gretel
6.4%
2013The Silver Dream
6.2%
2014The Sleeper and the Spindle
6.2%
2015Eternity's Wheel
5.9%
2010Instructions
5.2%
2016Chu's Day at the Beach
5.2%
1992Signal to Noise
4.9%
2014Chu's First Day of School
4.8%
1993Angels and Visitations
4.7%
2017Cinnamon
4.6%
2001Harlequin Valentine
3.2%
2003A Short Film About John Bolton
3.2%
1999Midnight Days
2.8%
1994The Last Temptation
2.7%
2002A Walking Tour of the Shambles
2.2%
1994-1995Angela
2.2%
2009Whatever Happened to the Caped Crusader?
2%
2002Adventures in the Dream Trade
1.6%
2000Green Lantern & Superman: Legend of the Green Flame
1.4%
2010Secret Origin
0.7%

From the Vault

Halving and Sorting: Literature

by GeoEarthling

We hope you're able to get more than half of the answers right, at least.
Remove Ads.
Support Sporcle.
Get the best of Sporcle when you Go Orange. This ad-free experience offers more features, more stats, and more fun while also helping to support Sporcle. Thank you for becoming a member.

Show Comments

Extras

Top Quizzes Today


Score Distribution

Your Account Isn't Verified!

In order to create a playlist on Sporcle, you need to verify the email address you used during registration. Go to your Sporcle Settings to finish the process.

Report this User

Report this user for behavior that violates our Community Guidelines.

Details: